00527nam a22001577a 450000500170000000800410001702000180005804100130007608200150008910000530010424500810015725000200023826000530025830000330031165000250034420231206085245.0231206b |||||||| |||| 00| 0 eng d a9780702155857 aEnglish  a346.5 COR  aCorbett, MM ; Hofmeyer, G and Kahn, E lEnglish  aThe Law of Succession in South Africa / cMM Corbett, G Hofmeyer and E Kahn  aSecond Edition  aCape Town : bJuta and Company (Pty) Ltd, c2001 blxxvi, 729 pages ; c26 cm.  aLegal practice bLaw